[Event "FIDE World Cup 2025"]
[Site "Goa, India"]
[Date "2025.11.02"]
[Round "2.13"]
[White "Gusain, Himal"]
[Black "Woodward, Andy"]
[Result "0-1"]
[TimeControl ": 90 minutes for the first 40 moves, followed by 30 minutes for the rest of the gamewith an increment of 30 seconds per move starting from move 1"]
[WhiteFideId "5033861"]
[BlackFideId "30953499"]
[WhiteElo "2476"]
[BlackElo "2557"]

1. e4 {[%clk 01:30:54]} {[%emt 00:00:05]} e5 {[%clk 01:30:46]} {[%emt
00:00:15]} 2. Nf3 {[%clk 01:31:16]} {[%emt 00:00:08]} Nc6 {[%clk 01:31:10]}
{[%emt 00:00:06]} 3. Bc4 {[%clk 01:31:35]} {[%emt 00:00:11]} Bc5 {[%clk
01:31:30]} {[%emt 00:00:10]} 4. d3 {[%clk 01:31:51]} {[%emt 00:00:13]} d6
{[%clk 01:31:46]} {[%emt 00:00:14]} 5. c3 {[%clk 01:32:13]} {[%emt 00:00:08]}
Nf6 {[%clk 01:32:09]} {[%emt 00:00:09]} 6. Bg5 {[%clk 01:32:36]} {[%emt
00:00:06]} h6 {[%clk 01:31:36]} {[%emt 00:01:03]} 7. Bh4 {[%clk 01:32:59]}
{[%emt 00:00:07]} a6 {[%clk 01:31:51]} {[%emt 00:00:16]} 8. a4 {[%clk
01:33:12]} {[%emt 00:00:17]} Ba7 {[%clk 01:31:46]} {[%emt 00:00:35]} 9. Nbd2
{[%clk 01:31:53]} {[%emt 00:01:49]} Qe7 {[%clk 01:31:23]} {[%emt 00:00:53]} 10.
b4 {[%clk 01:29:49]} {[%emt 00:02:34]} g5 {[%clk 01:26:54]} {[%emt 00:04:59]}
11. Bg3 {[%clk 01:30:11]} {[%emt 00:00:07]} Nh5 {[%clk 01:22:44]} {[%emt
00:04:41]} 12. a5 {[%clk 01:28:21]} {[%emt 00:02:20]} Qf6 {[%clk 01:12:53]}
{[%emt 00:10:19]} 13. Qa4 {[%clk 01:22:48]} {[%emt 00:06:04]} Bd7 {[%clk
01:10:40]} {[%emt 00:02:42]} 14. Qb3 {[%clk 01:21:28]} {[%emt 00:01:49]} Ne7
{[%clk 01:03:18]} {[%emt 00:07:53]} 15. b5 {[%clk 01:13:43]} {[%emt 00:08:15]}
axb5 {[%clk 01:02:28]} {[%emt 00:01:21]} 16. Bxb5 {[%clk 01:14:06]} {[%emt
00:00:06]} c6 {[%clk 01:02:22]} {[%emt 00:00:36]} 17. Bc4 {[%clk 01:05:14]}
{[%emt 00:09:22]} Ng6 {[%clk 00:59:17]} {[%emt 00:03:35]} 18. h3 {[%clk
00:59:44]} {[%emt 00:06:01]} Rb8 {[%clk 00:57:45]} {[%emt 00:02:02]} 19. Rd1
{[%clk 00:50:35]} {[%emt 00:09:38]} Ngf4 {[%clk 00:55:13]} {[%emt 00:03:02]} 20.
Kf1 {[%clk 00:47:57]} {[%emt 00:03:08]} Nxg3+ {[%clk 00:55:19]} {[%emt
00:00:24]} 21. fxg3 {[%clk 00:47:54]} {[%emt 00:00:33]} Nh5 {[%clk 00:55:42]}
{[%emt 00:00:07]} 22. Ke1 {[%clk 00:47:16]} {[%emt 00:01:07]} Nxg3 {[%clk
00:56:03]} {[%emt 00:00:08]} 23. Rh2 {[%clk 00:47:41]} {[%emt 00:00:05]} h5
{[%clk 00:54:03]} {[%emt 00:02:31]} 24. d4 {[%clk 00:45:49]} {[%emt 00:02:22]}
g4 {[%clk 00:53:23]} {[%emt 00:01:10]} 25. hxg4 {[%clk 00:45:57]} {[%emt
00:00:22]} hxg4 {[%clk 00:53:34]} {[%emt 00:00:19]} 26. Rxh8+ {[%clk 00:44:50]}
{[%emt 00:01:37]} Qxh8 {[%clk 00:53:58]} {[%emt 00:00:05]} 27. Kf2 {[%clk
00:40:45]} {[%emt 00:04:35]} gxf3 {[%clk 00:53:13]} {[%emt 00:01:16]} 28. gxf3
{[%clk 00:40:30]} {[%emt 00:00:44]} exd4 {[%clk 00:53:08]} {[%emt 00:00:35]} 29.
Kxg3 {[%clk 00:39:42]} {[%emt 00:01:18]} Qh3+ {[%clk 00:53:32]} {[%emt
00:00:06]} 0-1

[Event "FIDE World Cup 2025"]
[Site "Goa, India"]
[Date "2025.11.02"]
[Round "2.14"]
[White "Bai, Jinshi"]
[Black "Fawzy, Adham"]
[Result "1/2-1/2"]
[TimeControl ": 90 minutes for the first 40 moves, followed by 30 minutes for the rest of the gamewith an increment of 30 seconds per move starting from move 1"]
[WhiteFideId "8602280"]
[BlackFideId "10613129"]
[WhiteElo "2590"]
[BlackElo "2476"]

1. Nf3 {[%clk 01:30:48]} {[%emt 00:00:11]} Nf6 {[%clk 01:30:36]} {[%emt
00:00:24]} 2. g3 {[%clk 01:31:06]} {[%emt 00:00:13]} b5 {[%clk 01:30:59]}
{[%emt 00:00:08]} 3. Bg2 {[%clk 01:31:22]} {[%emt 00:00:14]} Bb7 {[%clk
01:31:15]} {[%emt 00:00:14]} 4. O-O {[%clk 01:31:33]} {[%emt 00:00:19]} e6
{[%clk 01:31:11]} {[%emt 00:00:34]} 5. d4 {[%clk 01:31:43]} {[%emt 00:00:19]}
d5 {[%clk 01:30:04]} {[%emt 00:01:38]} 6. Qd3 {[%clk 01:29:27]} {[%emt
00:02:46]} a6 {[%clk 01:27:24]} {[%emt 00:03:10]} 7. c3 {[%clk 01:19:58]}
{[%emt 00:09:59]} c5 {[%clk 01:19:20]} {[%emt 00:08:33]} 8. Bg5 {[%clk
01:16:43]} {[%emt 00:03:44]} Nbd7 {[%clk 01:15:06]} {[%emt 00:04:44]} 9. Ne5
{[%clk 01:10:53]} {[%emt 00:06:20]} cxd4 {[%clk 01:01:56]} {[%emt 00:13:40]} 10.
Nxd7 {[%clk 01:06:02]} {[%emt 00:05:21]} Qxd7 {[%clk 01:02:04]} {[%emt
00:00:21]} 11. cxd4 {[%clk 01:00:43]} {[%emt 00:05:50]} Ne4 {[%clk 01:01:12]}
{[%emt 00:01:22]} 12. Bf4 {[%clk 01:01:08]} {[%emt 00:00:04]} Be7 {[%clk
00:53:07]} {[%emt 00:08:36]} 13. Rc1 {[%clk 00:56:06]} {[%emt 00:05:32]} Rc8
{[%clk 00:44:36]} {[%emt 00:09:02]} 14. Nd2 {[%clk 00:55:38]} {[%emt 00:00:58]}
g5 {[%clk 00:41:26]} {[%emt 00:03:40]} 15. Be3 {[%clk 00:55:48]} {[%emt
00:00:19]} Nd6 {[%clk 00:40:35]} {[%emt 00:01:18]} 16. Nb3 {[%clk 00:54:50]}
{[%emt 00:01:30]} Nf5 {[%clk 00:39:25]} {[%emt 00:01:40]} 17. Rxc8+ {[%clk
00:46:40]} {[%emt 00:08:42]} Bxc8 {[%clk 00:39:10]} {[%emt 00:00:45]} 18. Bd2
{[%clk 00:47:03]} {[%emt 00:00:07]} O-O {[%clk 00:38:40]} {[%emt 00:00:59]} 19.
Rc1 {[%clk 00:47:19]} {[%emt 00:00:14]} Qa7 {[%clk 00:37:08]} {[%emt 00:02:02]}
20. Ba5 {[%clk 00:39:41]} {[%emt 00:08:09]} Bd6 {[%clk 00:36:41]} {[%emt
00:00:58]} 21. Bxd5 {[%clk 00:28:24]} {[%emt 00:11:46]} Nxg3 {[%clk 00:34:46]}
{[%emt 00:02:25]} 22. hxg3 {[%clk 00:27:26]} {[%emt 00:01:27]} exd5 {[%clk
00:34:56]} {[%emt 00:00:21]} 23. Rxc8 {[%clk 00:27:08]} {[%emt 00:00:49]} Rxc8
{[%clk 00:35:10]} {[%emt 00:00:16]} 24. Qf5 {[%clk 00:27:35]} {[%emt 00:00:02]}
Qb7 {[%clk 00:34:18]} {[%emt 00:01:20]} 25. Qxg5+ {[%clk 00:28:00]} {[%emt
00:00:06]} Kf8 {[%clk 00:34:43]} {[%emt 00:00:05]} 26. Qh6+ {[%clk 00:25:51]}
{[%emt 00:02:40]} Ke7 {[%clk 00:35:09]} {[%emt 00:00:03]} 27. Qg5+ {[%clk
00:25:52]} {[%emt 00:00:29]} Kf8 {[%clk 00:33:34]} {[%emt 00:02:05]} 28. Qh6+
{[%clk 00:26:19]} {[%emt 00:00:04]} Ke7 {[%clk 00:33:57]} {[%emt 00:00:06]} 29.
Qg5+ {[%clk 00:26:44]} {[%emt 00:00:04]} Kf8 {[%clk 00:34:23]} {[%emt
00:00:05]} 30. Qh6+ {[%clk 00:26:37]} {[%emt 00:00:05]} 1/2-1/2

[Event "FIDE World Cup 2025"]
[Site "Goa, India"]
[Date "2025.11.02"]
[Round "2.15"]
[White "Grigoryan, Karen H."]
[Black "Adly, Ahmed"]
[Result "1/2-1/2"]
[TimeControl ": 90 minutes for the first 40 moves, followed by 30 minutes for the rest of the gamewith an increment of 30 seconds per move starting from move 1"]
[WhiteFideId "13301004"]
[BlackFideId "10601619"]
[WhiteElo "2481"]
[BlackElo "2589"]

1. c4 {[%clk 01:30:50]} {[%emt 00:00:09]} e6 {[%clk 01:30:48]} {[%emt
00:00:12]} 2. d4 {[%clk 01:30:51]} {[%emt 00:00:30]} d5 {[%clk 01:31:02]}
{[%emt 00:00:17]} 3. cxd5 {[%clk 01:30:59]} {[%emt 00:00:22]} exd5 {[%clk
01:31:23]} {[%emt 00:00:09]} 4. Nc3 {[%clk 01:31:23]} {[%emt 00:00:06]} Be7
{[%clk 01:30:45]} {[%emt 00:01:07]} 5. Bf4 {[%clk 01:31:29]} {[%emt 00:00:24]}
Nf6 {[%emt 00:00:16]} 6. e3 {[%clk 01:31:35]} {[%emt 00:00:19]} O-O {[%clk
01:31:06]} {[%emt 00:00:29]} 7. Nf3 {[%clk 01:20:25]} {[%emt 00:11:40]} c5
{[%clk 01:31:03]} {[%emt 00:00:33]} 8. dxc5 {[%clk 01:19:30]} {[%emt 00:01:24]}
Bxc5 {[%clk 01:30:47]} {[%emt 00:00:46]} 9. Be2 {[%clk 01:18:52]} {[%emt
00:01:09]} Nc6 {[%clk 01:30:23]} {[%emt 00:00:55]} 10. O-O {[%clk 01:19:06]}
{[%emt 00:00:15]} Be6 {[%clk 01:21:47]} {[%emt 00:09:05]} 11. Nb5 {[%clk
01:17:52]} {[%emt 00:01:45]} Rc8 {[%clk 01:12:07]} {[%emt 00:10:10]} 12. Rc1
{[%clk 01:13:48]} {[%emt 00:04:34]} Qe7 {[%clk 00:59:08]} {[%emt 00:13:29]} 13.
Nfd4 {[%clk 01:05:59]} {[%emt 00:08:18]} h6 {[%clk 00:54:18]} {[%emt 00:05:20]}
14. Nb3 {[%clk 00:58:12]} {[%emt 00:08:17]} Bb4 {[%clk 00:54:35]} {[%emt
00:00:12]} 15. a3 {[%clk 00:57:50]} {[%emt 00:00:52]} a6 {[%clk 00:55:04]}
{[%emt 00:00:03]} 16. axb4 {[%clk 00:56:19]} {[%emt 00:02:01]} axb5 {[%clk
00:55:29]} {[%emt 00:00:03]} 17. Nd4 {[%clk 00:56:19]} {[%emt 00:00:31]} Qxb4
{[%clk 00:54:35]} {[%emt 00:01:25]} 18. Nxb5 {[%clk 00:56:34]} {[%emt
00:00:14]} Rfd8 {[%clk 00:50:05]} {[%emt 00:04:59]} 19. Nd4 {[%clk 00:51:50]}
{[%emt 00:05:15]} Nxd4 {[%clk 00:50:31]} {[%emt 00:00:05]} 20. Qxd4 {[%clk
00:52:05]} {[%emt 00:00:15]} Qxd4 {[%clk 00:50:59]} {[%emt 00:00:02]} 21. exd4
{[%clk 00:52:27]} {[%emt 00:00:08]} Rxc1 {[%clk 00:51:26]} {[%emt 00:00:03]} 22.
Rxc1 {[%clk 00:52:45]} {[%emt 00:00:12]} Rc8 {[%clk 00:51:54]} {[%emt
00:00:02]} 23. Rxc8+ {[%clk 00:52:00]} {[%emt 00:01:14]} Bxc8 {[%clk 00:52:22]}
{[%emt 00:00:03]} 24. Bd6 {[%clk 00:51:03]} {[%emt 00:01:27]} Bd7 {[%clk
00:49:09]} {[%emt 00:03:44]} 25. f3 {[%clk 00:50:34]} {[%emt 00:00:58]} Ne8
{[%clk 00:49:07]} {[%emt 00:00:33]} 26. Bc5 {[%clk 00:49:59]} {[%emt 00:01:05]}
f6 {[%clk 00:32:46]} {[%emt 00:16:52]} 27. Kf2 {[%clk 00:47:37]} {[%emt
00:02:51]} Kf7 {[%clk 00:33:14]} {[%emt 00:00:03]} 28. Ke3 {[%clk 00:47:37]}
{[%emt 00:00:29]} Nc7 {[%clk 00:30:15]} {[%emt 00:03:30]} 29. Bd3 {[%clk
00:44:21]} {[%emt 00:03:45]} Bb5 {[%clk 00:28:20]} {[%emt 00:02:25]} 30. Bf5
{[%clk 00:44:23]} {[%emt 00:00:27]} Ne6 {[%clk 00:28:37]} {[%emt 00:00:14]} 31.
h4 {[%clk 00:43:23]} {[%emt 00:01:30]} g6 {[%clk 00:27:57]} {[%emt 00:01:11]}
32. Bc2 {[%clk 00:43:28]} {[%emt 00:00:25]} f5 {[%clk 00:26:45]} {[%emt
00:01:43]} 33. Bd6 {[%clk 00:42:51]} {[%emt 00:01:06]} h5 {[%clk 00:23:28]}
{[%emt 00:03:47]} 34. Bb3 {[%clk 00:40:15]} {[%emt 00:03:05]} Bc6 {[%clk
00:23:19]} {[%emt 00:00:40]} 35. Be5 {[%clk 00:40:08]} {[%emt 00:00:37]} Nf8
{[%clk 00:22:26]} {[%emt 00:01:23]} 36. Bd1 {[%clk 00:35:46]} {[%emt 00:04:51]}
Bb5 {[%clk 00:22:03]} {[%emt 00:00:55]} 37. Kd2 {[%clk 00:34:21]} {[%emt
00:01:55]} Bf1 {[%clk 00:16:45]} {[%emt 00:05:47]} 38. g3 {[%clk 00:33:33]}
{[%emt 00:01:17]} Bc4 {[%clk 00:14:25]} {[%emt 00:02:51]} 39. Kc3 {[%clk
00:31:58]} {[%emt 00:02:05]} Nd7 {[%clk 00:14:23]} {[%emt 00:00:33]} 40. Bc7
{[%clk 00:31:05]} {[%emt 00:01:22]} Ke6 {[%clk 00:14:39]} {[%emt 00:00:13]} 41.
Kb4 {[%clk 00:30:00]} {[%emt 00:01:36]} Ke7 {[%clk 00:14:49]} {[%emt 00:00:20]}
42. Kc3 {[%clk 00:20:52]} {[%emt 00:09:38]} Ke6 {[%clk 00:14:02]} {[%emt
00:01:17]} 43. Bd8 {[%clk 00:18:08]} {[%emt 00:03:14]} Nb8 {[%clk 00:08:37]}
{[%emt 00:05:56]} 44. Kd2 {[%clk 00:14:01]} {[%emt 00:04:36]} Nc6 {[%clk
00:08:25]} {[%emt 00:00:43]} 45. Bb6 {[%clk 00:14:18]} {[%emt 00:00:12]} Nb4
{[%clk 00:08:42]} {[%emt 00:00:14]} 46. Ke3 {[%clk 00:11:19]} {[%emt 00:03:29]}
Kf6 {[%clk 00:28:07]} {[%emt 00:11:05]} 47. Bc5 {[%clk 00:39:00]} {[%emt
00:02:49]} Nc6 {[%clk 00:23:02]} {[%emt 00:05:36]} 48. b3 {[%clk 00:35:58]}
{[%emt 00:03:31]} Bf1 {[%clk 00:21:45]} {[%emt 00:01:47]} 49. Kf4 {[%clk
00:34:16]} {[%emt 00:02:12]} Nd8 {[%clk 00:21:56]} {[%emt 00:00:19]} 50. Bd6
{[%clk 00:34:16]} {[%emt 00:00:30]} Ne6+ {[%emt 00:06:04]} 51. Ke3 {[%clk
00:34:26]} {[%emt 00:00:19]} Kf7 {[%clk 00:16:49]} {[%emt 00:00:04]} 52. Be5
{[%clk 00:34:02]} {[%emt 00:00:53]} Nd8 {[%clk 00:16:10]} {[%emt 00:01:11]} 53.
g4 {[%clk 00:32:43]} {[%emt 00:01:48]} fxg4 {[%clk 00:09:42]} {[%emt 00:06:58]}
54. fxg4 {[%clk 00:33:02]} {[%emt 00:00:11]} hxg4 {[%clk 00:10:10]} {[%emt
00:00:02]} 55. Bxg4 {[%clk 00:33:26]} {[%emt 00:00:06]} Ke7 {[%clk 00:08:10]}
{[%emt 00:02:31]} 56. Bf3 {[%clk 00:31:31]} {[%emt 00:02:24]} Ke6 {[%clk
00:07:08]} {[%emt 00:01:33]} 57. Kf4 {[%clk 00:31:24]} {[%emt 00:00:37]} Bd3
{[%clk 00:07:04]} {[%emt 00:00:34]} 58. Bg4+ {[%clk 00:29:48]} {[%emt
00:02:05]} Ke7 {[%clk 00:07:33]} {[%emt 00:00:02]} 59. Ke3 {[%clk 00:27:52]}
{[%emt 00:02:26]} Bc2 {[%clk 00:06:26]} {[%emt 00:01:38]} 60. b4 {[%clk
00:28:16]} {[%emt 00:00:06]} Ba4 {[%clk 00:04:19]} {[%emt 00:02:37]} 61. Bc7
{[%clk 00:26:35]} {[%emt 00:02:10]} Ne6 {[%emt 00:01:07]} 62. Bb6 {[%clk
00:24:36]} {[%emt 00:02:28]} Bb5 {[%clk 00:03:27]} {[%emt 00:00:48]} 63. Bc5+
{[%clk 00:24:09]} {[%emt 00:00:56]} Kf6 {[%clk 00:03:46]} {[%emt 00:00:10]} 64.
Bd6 {[%clk 00:24:11]} {[%emt 00:00:29]} Bc4 {[%clk 00:03:52]} {[%emt 00:00:24]}
65. Bf3 {[%clk 00:24:25]} {[%emt 00:00:15]} b5 {[%clk 00:03:38]} {[%emt
00:00:45]} 66. Be5+ {[%clk 00:24:47]} {[%emt 00:00:07]} Ke7 {[%clk 00:04:03]}
{[%emt 00:00:06]} 67. Bd1 {[%clk 00:24:19]} {[%emt 00:00:57]} Kf7 {[%clk
00:04:18]} {[%emt 00:00:16]} 68. Bg4 {[%clk 00:23:06]} {[%emt 00:01:42]} Ke7
{[%clk 00:04:44]} {[%emt 00:00:05]} 69. Bf4 {[%clk 00:23:02]} {[%emt 00:00:33]}
Kf6 {[%clk 00:04:55]} {[%emt 00:00:19]} 70. Bh6 {[%clk 00:23:22]} {[%emt
00:00:09]} Bf1 {[%clk 00:05:12]} {[%emt 00:00:14]} 71. Bxe6 {[%clk 00:16:23]}
{[%emt 00:06:56]} 1/2-1/2

[Event "FIDE World Cup 2025"]
[Site "Goa, India"]
[Date "2025.11.02"]
[Round "2.16"]
[White "Huschenbeth, Niclas"]
[Black "Bellahcene, Bilel"]
[Result "1-0"]
[TimeControl ": 90 minutes for the first 40 moves, followed by 30 minutes for the rest of the gamewith an increment of 30 seconds per move starting from move 1"]
[WhiteFideId "24604747"]
[BlackFideId "696358"]
[WhiteElo "2587"]
[BlackElo "2485"]

1. e4 {[%clk 01:30:57]} {[%emt 00:00:02]} c5 {[%clk 01:30:58]} {[%emt
00:00:03]} 2. Nf3 {[%clk 01:31:11]} {[%emt 00:00:16]} d6 {[%clk 01:31:26]}
{[%emt 00:00:02]} 3. Bb5+ {[%clk 01:31:30]} {[%emt 00:00:09]} Bd7 {[%clk
01:29:45]} {[%emt 00:02:13]} 4. Bxd7+ {[%clk 01:31:53]} {[%emt 00:00:06]} Qxd7
{[%clk 01:28:58]} {[%emt 00:01:18]} 5. c4 {[%clk 01:32:13]} {[%emt 00:00:09]}
e5 {[%clk 01:27:40]} {[%emt 00:01:48]} 6. Nc3 {[%clk 01:32:08]} {[%emt
00:00:34]} Nc6 {[%clk 01:28:08]} {[%emt 00:00:03]} 7. d3 {[%clk 01:30:41]}
{[%emt 00:01:57]} Be7 {[%clk 01:24:38]} {[%emt 00:03:59]} 8. O-O {[%clk
01:26:18]} {[%emt 00:04:52]} Bd8 {[%clk 01:24:24]} {[%emt 00:00:45]} 9. a3
{[%clk 01:17:57]} {[%emt 00:08:52]} Nge7 {[%clk 01:24:44]} {[%emt 00:00:10]} 10.
b4 {[%clk 01:14:26]} {[%emt 00:04:01]} O-O {[%clk 01:02:54]} {[%emt 00:22:20]}
11. b5 {[%clk 00:59:28]} {[%emt 00:15:28]} Nd4 {[%clk 01:01:11]} {[%emt
00:02:13]} 12. Nxd4 {[%clk 00:57:26]} {[%emt 00:02:32]} exd4 {[%clk 00:51:50]}
{[%emt 00:09:51]} 13. Ne2 {[%clk 00:57:11]} {[%emt 00:00:45]} f5 {[%clk
00:36:29]} {[%emt 00:15:51]} 14. exf5 {[%clk 00:57:03]} {[%emt 00:00:38]} Qxf5
{[%clk 00:35:13]} {[%emt 00:01:46]} 15. Ng3 {[%clk 00:56:47]} {[%emt 00:00:53]}
Qf7 {[%clk 00:33:42]} {[%emt 00:01:53]} 16. Ne4 {[%clk 00:50:31]} {[%emt
00:06:46]} Bc7 {[%clk 00:26:50]} {[%emt 00:07:22]} 17. Bg5 {[%clk 00:34:42]}
{[%emt 00:16:18]} Ng6 {[%clk 00:25:51]} {[%emt 00:01:30]} 18. f4 {[%clk
00:33:27]} {[%emt 00:01:45]} d5 {[%clk 00:23:32]} {[%emt 00:02:49]} 19. cxd5
{[%clk 00:31:13]} {[%emt 00:02:44]} Qxd5 {[%clk 00:23:05]} {[%emt 00:00:57]} 20.
Qf3 {[%clk 00:30:12]} {[%emt 00:01:31]} Qf7 {[%clk 00:10:10]} {[%emt 00:13:25]}
21. f5 {[%clk 00:27:14]} {[%emt 00:03:29]} Ne5 {[%clk 00:10:37]} {[%emt
00:00:04]} 22. Qh3 {[%clk 00:27:18]} {[%emt 00:00:25]} h6 {[%clk 00:10:41]}
{[%emt 00:00:26]} 23. Rae1 {[%clk 00:20:06]} {[%emt 00:07:42]} c4 {[%clk
00:07:08]} {[%emt 00:04:04]} 24. dxc4 {[%clk 00:16:25]} {[%emt 00:04:11]} Qxc4
{[%clk 00:03:26]} {[%emt 00:04:12]} 25. f6 {[%clk 00:11:52]} {[%emt 00:05:03]}
d3 {[%clk 00:00:54]} {[%emt 00:03:03]} 26. fxg7 {[%clk 00:05:38]} {[%emt
00:06:43]} Rxf1+ {[%clk 00:01:03]} {[%emt 00:00:20]} 27. Rxf1 {[%clk 00:06:01]}
{[%emt 00:00:07]} Nf7 {[%clk 00:00:52]} {[%emt 00:00:41]} 28. Qf5 {[%clk
00:01:43]} {[%emt 00:04:48]} Be5 {[%clk 00:00:44]} {[%emt 00:00:38]} 29. Bf6
{[%clk 00:01:41]} {[%emt 00:00:33]} Bc7 {[%clk 00:00:31]} {[%emt 00:00:43]} 30.
Ba1 {[%clk 00:01:25]} {[%emt 00:00:46]} Bd8 {[%clk 00:00:32]} {[%emt 00:00:30]}
31. Nd6 {[%clk 00:01:01]} {[%emt 00:00:53]} Bb6+ {[%clk 00:00:35]} {[%emt
00:00:27]} 32. Kh1 {[%clk 00:01:26]} {[%emt 00:00:04]} 1-0